LIBRARY ONLINE CATALOGUE

Keynes's general theory, the rate of interet and 'Keynesian' economics : (Record no. 7437)

MARC details
000 -LEADER
fixed length control field 00731nam a22002172 4500
001 - CONTROL NUMBER
control field 0000007190
005 - DATE AND TIME OF LATEST TRANSACTION
control field 20151217152025.0
008 - FIXED-LENGTH DATA ELEMENTS--GENERAL INFORMATION
fixed length control field 071128s xx 000 0 eng d
020 ## - INTERNATIONAL STANDARD BOOK NUMBER
International Standard Book Number 1403996282 :
Terms of availability KES 7312.50
040 ## - CATALOGING SOURCE
Original cataloging agency KABU
Transcribing agency KABU
100 1# - MAIN ENTRY--PERSONAL NAME
Personal name Tily, Geoff.
-- 0000158294
245 10 - TITLE STATEMENT
Title Keynes's general theory, the rate of interet and 'Keynesian' economics :
Remainder of title Keynes betrayed /
Statement of responsibility, etc. Geoff Tily.
260 ## - PUBLICATION, DISTRIBUTION, ETC. (IMPRINT)
Place of publication, distribution, etc. Basingstoke, England :
Name of publisher, distributor, etc. Palgrave Macmillan,
Date of publication, distribution, etc. 2007.
300 ## - PHYSICAL DESCRIPTION
Extent x, 346 p.
650 #0 - SUBJECT ADDED ENTRY--TOPICAL TERM
Topical term or geographic name as entry element Keynesian economics.
-- 0000150174
650 #0 - SUBJECT ADDED ENTRY--TOPICAL TERM
Topical term or geographic name as entry element Macroeconomics.
-- 0000149933
908 ## - PUT COMMAND PARAMETER (RLIN)
Put command parameter 071128
950 ## - LOCAL HOLDINGS (RLIN)
-- 1
Holdings
Withdrawn status Lost status Source of classification or shelving scheme Not for loan Home library Current library Date acquired Total Checkouts Total Renewals Full call number Barcode Date last seen Date last checked out Price effective from Koha item type
    Library of Congress Classification   Kabarak, Main Campus Kabarak, Main Campus 17/12/2015 1 1 HB99.7 .T55 011360 02/08/2024 14/12/2021 17/12/2015 General Collection
    Library of Congress Classification   Kabarak, Main Campus Kabarak, Main Campus 17/12/2015     HB99.7 .T55 011359 02/08/2024   17/12/2015 General Collection